000 00631nam a22001937a 4500
003 BD-DhJNU
005 20250810074338.0
008 250810b |||||||| |||| 00| 0 eng d
020 _a0813304342
040 _aBD-DhJNU
_bENG
_cBD-DhJNU
_dBD-DhJNU
082 _223
_a320.01574
100 _aDobuzinskis, Laurent
245 _aThe self-organizing Polity :
_ban epistemological analysis of political life /
_cLaurent Dobuzinskis
260 _aLondon :
_bWestview Press,
_c1987.
300 _aix, 226 p. :
_bill. ;
_c24 cm.
504 _aincludes bibliographical reference and index
650 _aSelf Organization
942 _2ddc
_cBK
_n0
999 _c1980
_d1980